Văn học Việt Nam thế kỷ XX Tiểu thuyết 1975 - 2000 Q.1 TXLIII Trong cơn lốc/ Khuất Quang Thụy. Đi về nơi hoang dã/ Nhật Tuấn. Người gò mã/ Trần Văn Tuấn...
v.v...
Đã lưu trong:
| Tác giả chính: | |
|---|---|
| Định dạng: | Sách |
| Năm xuất bản: |
H.
Văn học
2009
|
| Chủ đề: | |
| Tags: |
Thêm thẻ
Không có thẻ, Hãy là người đầu tiên gắn thẻ bản ghi này!
|
| LEADER | 01388nam a2200217 4500 | ||
|---|---|---|---|
| 082 | |a 895.92233408 |b V114h | ||
| 100 | |a Nguyễn Cừ | ||
| 245 | |a Văn học Việt Nam thế kỷ XX |c Nguyễn Cừ, Nguyễn Anh Vũ |n Q.1 TXLIII |b Tiểu thuyết 1975 - 2000 |p Trong cơn lốc/ Khuất Quang Thụy. Đi về nơi hoang dã/ Nhật Tuấn. Người gò mã/ Trần Văn Tuấn... | ||
| 260 | |a H. |b Văn học |c 2009 | ||
| 300 | |a 1122 tr. |c 24 cm | ||
| 520 | |a v.v... | ||
| 653 | |a Văn hoc hiện đại | ||
| 653 | |a Thế kỷ 20 | ||
| 653 | |a Việt Nam | ||
| 653 | |a Tiểu thuyết | ||
| 942 | |2 ddc |c STK0 | ||
| 999 | |c 1909 |d 1909 | ||
| 952 | |0 0 |1 0 |2 ddc |4 0 |6 895_922334080000000_V114H |7 1 |8 800 |9 29361 |a qbu |b qbu |c D5 |d 2014-12-11 |g 224000 |o 895.92233408 V114h |p 5299.c1 |r 0000-00-00 |w 2014-12-11 |y STK0 |0 0 |6 895_922334080000000_V114H | ||
| 952 | |0 0 |1 0 |2 ddc |4 0 |6 895_922334080000000_V114H |7 0 |8 800 |9 29362 |a qbu |b qbu |c D5 |d 2014-12-11 |g 224000 |o 895.92233408 V114h |p 5299.c2 |r 0000-00-00 |w 2014-12-11 |y STK0 |0 0 |6 895_922334080000000_V114H | ||
| 952 | |0 0 |1 0 |2 ddc |4 0 |6 895_922334080000000_V114H |7 0 |8 800 |9 29363 |a qbu |b qbu |c D5 |d 2014-12-11 |g 224000 |o 895.92233408 V114h |p 5299.c3 |r 0000-00-00 |w 2014-12-11 |y STK0 |0 0 |6 895_922334080000000_V114H | ||
| 952 | |0 0 |1 0 |2 ddc |4 0 |6 895_922334080000000_V114H |7 0 |8 800 |9 29364 |a qbu |b qbu |c D5 |d 2014-12-11 |g 224000 |o 895.92233408 V114h |p 5299.c4 |r 0000-00-00 |w 2014-12-11 |y STK0 |0 0 |6 895_922334080000000_V114H | ||